Determinanty subjektívneho blahobytu jednotlivcov (Dezagregovaná analýza)

Prehľad ekonomickej literatúry zaoberajúcej sa pocitom šťastia. Teoretický rámec skúmania a empirická analýza. Formulácia záverov a hospodársko-politické odporúčania.

Guardado en:
Detalles Bibliográficos
Autor principal: Čaplánová, Anetta, 1967-
Otros Autores: Orviská, Marta
Formato: Capítulo de libro
Lenguaje:eslovaco
Materias:
Etiquetas: Agregar Etiqueta
Sin Etiquetas, Sea el primero en etiquetar este registro!

MARC

LEADER 00000naa$a2200000$$$4500
001 0111790
005 20240502072235.0
041 0 |a slo 
044 |a SK 
245 1 0 |a Determinanty subjektívneho blahobytu jednotlivcov (Dezagregovaná analýza)  |c Anetta Čaplánová, Marta Orviská 
520 |a Prehľad ekonomickej literatúry zaoberajúcej sa pocitom šťastia. Teoretický rámec skúmania a empirická analýza. Formulácia záverov a hospodársko-politické odporúčania. 
610 2 0 |a rozvoj hospodársky 
610 2 0 |a blahobyt 
610 2 0 |a analýza ekonomická 
610 2 0 |a úžitok 
100 1 |a Čaplánová, Anetta, 1967- 
700 1 |a Orviská, Marta